The Norman Conquest A-Z - Statistics

General Stats
  • This quiz has been taken 63 times
  • The average score is 12 of 25
Answer Stats
Hint Answer % Correct
C King whose death sparked a fight over his succession Edward the {Confessor}
100%
H Pivotal battle in which the Normans defeated the English Battle of {Hastings}
95%
A In legend, Harold was hit in the eye by one of these at H Arrow
88%
B Famous pictorial representation of the Conquest Bayeux Tapestry
86%
D 1086 survey of the land and wealth of England Domesday Book
76%
N William's brutal scorched-earth pacification campaign Harrying of the {North}
64%
Q Edith; Matilda Queens
62%
S Battle in which Harold's army defeated the Norwegians Battle of {Stamford} {Bridge}
60%
U C's father Æthelred the {Unready}
55%
G King Harold's father Godwin
55%
J Peninsula ruled over by Sweyn II Jutland
52%
M Earl of Northumbria; brother of E Morcar
45%
E Earl of Mercia; brother of M Edwin
43%
T Brother of Harold who joined forces with Harald Hardrada Tostig
43%
W Council that elected the King of England Witan
43%
F Term for the English militia-style army; 'raised' by the King Fyrd
38%
O Bishop who often ruled England in William's absence Odo
31%
I Where Hereward the Wake and his fenland rebels were defeated {Isle} {of} {Ely}
29%
P William's invasion fleet landed at this Sussex village Pevensey
29%
R Viking ancestor of William who was the first ruler of Normandy Rollo
29%
Z Sweyn II was buried in Roskilde Cathedral, on this island Zealand
29%
Y Term for the oppression of the English by their Norman rulers Norman {yoke}
26%
K Harald Hardrada spent part of his exile in this Viking-Slavic state Kievan Rus'
24%
V Many English exiles served in this elite Byzantine force Varangian Guard
19%
L Harold was killed at H alongside his brothers: Gyrth and _______ Leofwine
14%
No matching quizzes found
Score Distribution
Percent of People with Each Score
Percentile by Number Answered
Your Score History
You have not taken this quiz